| 000 | 00541nam a22001817a 4500 | ||
|---|---|---|---|
| 999 |
_c2243 _d2243 |
||
| 003 | URS | ||
| 005 | 20220114142047.0 | ||
| 008 | 191002s1994 ph a|||| |||| 00| 0 eng d | ||
| 020 | _a9716840357 | ||
| 040 |
_cURS _beng _drda |
||
| 050 | 1 | 4 |
_aQ 161 _b.I61113 1994 |
| 100 | _aVillegas,Arturo N. | ||
| 245 | 1 | 0 |
_aIntegrated science with emphasis on earth science _cArturo N. Villegas |
| 260 |
_aMarikinaCity: _bAcademe Publishing House; _c[19994] |
||
| 300 |
_ax 607 pages: _bwith Illustration; _c23 cm. |
||
| 504 | _aInclude Index | ||
| 942 |
_2lcc _cF |
||